[Event "LSS RN-2009-0-00210"]
[Site "LSS email"]
[Date "2009.05.23"]
[Round "?"]
[White "Bogomolov, Alexander"]
[Black "Kasapov, Artur"]
[Result "0-1"]
[WhiteElo "1408"]
[BlackElo "1378"]
[PlyCount "80"]
[EventDate "2009.04.23"]
[EventType "tourn (corr)"]
[EventRounds "6"]
[EventCountry "GER"]
[SourceTitle "Corr 2011"]
[Source "ChessBase"]
[SourceDate "2010.08.31"]
[SourceVersion "1"]
[SourceVersionDate "2010.08.31"]
[SourceQuality "1"]

1. e4 e5 2. Nf3 Nc6 3. Bb5 a6 4. Ba4 Nf6 5. 0-0 Bd6 6. Re1 0-0 7. c3 b5 8. Bc2 Bb7 9. d4 Re8 10. Nbd2 Rb8 11. a3 h6 12. Nb3 Ba8 13. d5 Ne7 14. Nh4 Nc8 15. Nf5 Bf8 16. Be3 Ne7 17. Ng3 d6 18. a4 b4 19. cxb4 c6 20. Bd3 cxd5 21. Bxa6 Rxb4 22. Bd2 Rb8 23. Bb5 dxe4 24. Ba5 Qc8 25. Bxe8 Qxe8 26. Bc7 Rc8 27. Bb6 Ned5 28. a5 Qe6 29. Re2 h5 30. Rc2 Rb8 31. Ra3 h4 32. Nf1 h3 33. g3 Nb4 34. Rc1 Nd3 35. Rc2 Nd7 36. Nc1 Nb4 37. Rd2 Nxb6 38. axb6 d5 39. g4 d4 40. Rxh3 Nd5 0-1

[Event "LSS RN-2009-0-00210"]
[Site "LSS email"]
[Date "2009.05.23"]
[Round "?"]
[White "Jokmin, Guido"]
[Black "Kasapov, Artur"]
[Result "0-1"]
[WhiteElo "834"]
[BlackElo "800"]
[PlyCount "42"]
[EventDate "2009.04.23"]
[EventType "tourn (corr)"]
[EventRounds "6"]
[EventCountry "GER"]
[SourceTitle "Corr 2011"]
[Source "ChessBase"]
[SourceDate "2010.08.31"]
[SourceVersion "1"]
[SourceVersionDate "2010.08.31"]
[SourceQuality "1"]

1. e4 e5 2. Nf3 Nf6 3. Bc4 Nxe4 4. d3 Nc5 5. Bxf7+ Kxf7 6. Nxe5+ Kg8 7. Qf3 Qe7 8. d4 Nc6 9. 0-0 Nxd4 10. Qd5+ Nce6 11. Nc3 c6 12. Qe4 Qf6 13. Ng4 Qg6 14. f3 Qxe4 15. fxe4 Nxc2 16. Rb1 Bc5+ 17. Kh1 b5 18. Bd2 Ba6 19. Rf5 b4 20. Na4 Bd4 21. Rbf1 Bxf1 0-1